| 000 | 01080nam a22003017a 4500 | ||
|---|---|---|---|
| 003 | BD-DhSAU | ||
| 005 | 20181205172546.0 | ||
| 008 | 161006b2017 bg ad||| |||| 00| 0 eng d | ||
| 040 | _aBD-DhSAU | ||
| 082 |
_222 _a630 _bC4595 |
||
| 100 |
_aChowdhury , Afsana Mahmud _4Registration No:15-07013 |
||
| 245 |
_aInfluence of Biofertilizer, Nitrogen and Phosphorous on nodulation, growth and yield of Lentil / _cChowdhury , Afsana Mahmud _bMs Thesis |
||
| 260 |
_aDhaka : Sher- e- Bangla Agricultural University : _bDepartment of Agronomy , _c2017 |
||
| 300 |
_axiii, 51 p. : _bill. ; _c30 cm. |
||
| 504 | _aIncludes bibliographical references. | ||
| 590 | _aShofi | ||
| 650 | _aAgronomy | ||
| 650 | _aBiofertilizer | ||
| 650 | _aNitrogen | ||
| 650 | _aPhosphorous | ||
| 650 | _aNodulation | ||
| 650 | _aGrowth and yield | ||
| 650 | _aLentil | ||
| 700 |
_aAmin , A. K. M. Ruhul _4Supervisor |
||
| 700 |
_aKarim , Md. Fazlul _4Co-Supervisor |
||
| 856 |
_uhttp://archive.saulibrary.edu.bd:8080/xmlui/handle/123456789/489 _yOnline Access |
||
| 942 |
_2ddc _cTHESIS |
||
| 999 |
_c14415 _d14414 |
||